Southville International School and Colleges
Your cart is empty.
  • Cart
  • Lists
    Public lists Eva Luna New books Lux_list list_1
    Your lists Log in to create your own lists
  • Log in to your account
  • Your cookies
  • Search history
Southville International School and Colleges
  • Advanced search
  • Recent comments
  • Most popular
  • Libraries

Log in to your account

Log in with GOOGLE


If you do not have an external account, but do have a local account, you can still log in:

  1. Home
  2. MARC view: Percy Jackson and the olympians :
Normal view MARC view ISBD view

Percy Jackson and the olympians : (Record no. 368627)

[ view plain ]
MARC details
000 -LEADER
fixed length control field 01306nam a22002657a 4500
003 - CONTROL NUMBER IDENTIFIER
control field 0
005 - DATE AND TIME OF LATEST TRANSACTION
control field 20251113145618.0
008 - FIXED-LENGTH DATA ELEMENTS--GENERAL INFORMATION
fixed length control field 251113b xxu||||| |||| 00| 0 eng d
020 ## - INTERNATIONAL STANDARD BOOK NUMBER
International Standard Book Number 978-142310149-9
050 ## - LIBRARY OF CONGRESS CALL NUMBER
Classification number PZ 7
Item number .R4829 Bat 2008
100 ## - MAIN ENTRY--PERSONAL NAME
Personal name Riordan, Rick,
Relator term author.
245 ## - TITLE STATEMENT
Title Percy Jackson and the olympians :
Remainder of title The Battle of the Labyrinth /
Statement of responsibility, etc Rick Riordan.
260 ## - PUBLICATION, DISTRIBUTION, ETC. (IMPRINT)
Place of publication, distribution, etc New York :
Name of publisher, distributor, etc Disney/Hyperion Books,
Date of publication, distribution, etc 2008.
300 ## - PHYSICAL DESCRIPTION
Extent 361 pages ;
Dimensions 20 cm.
490 ## - SERIES STATEMENT
Series statement Percy Jackson & the Olympians ;
Volume number/sequential designation bk. 4
500 ## - GENERAL NOTE
General note Sequel to: The Titan’s curse.<br/>Followed by: The Last Olympian.<br/>Fourth book in the Percy Jackson & the Olympians series.
520 ## - SUMMARY, ETC.
Summary, etc When demonic cheerleaders attack him at his new school, Percy Jackson discovers that the evil Titan lord Kronos is once again threatening to rise from the pit of Tartarus. To stop him, Percy and his friends must navigate the deadly Labyrinth and prevent Kronos's army from invading Camp Half-Blood.
650 ## - SUBJECT ADDED ENTRY--TOPICAL TERM
Topical term or geographic name as entry element Jackson, Percy (Fictitious character)
Form subdivision Juvenile fiction.
650 ## - SUBJECT ADDED ENTRY--TOPICAL TERM
Topical term or geographic name as entry element Monsters
Form subdivision Juvenile fiction.
650 ## - SUBJECT ADDED ENTRY--TOPICAL TERM
Topical term or geographic name as entry element Mythology, Greek
Form subdivision Juvenile fiction.
650 ## - SUBJECT ADDED ENTRY--TOPICAL TERM
Topical term or geographic name as entry element Adventure and adventurers
Form subdivision Juvenile fiction.
650 ## - SUBJECT ADDED ENTRY--TOPICAL TERM
Topical term or geographic name as entry element Fantasy Fiction.
830 ## - SERIES ADDED ENTRY--UNIFORM TITLE
Uniform title Percy Jackson & the Olympians ;
Version bk. 4.
942 ## - ADDED ENTRY ELEMENTS (KOHA)
Source of classification or shelving scheme Library of Congress Classification
Koha item type Books
Holdings
Withdrawn status Lost status Source of classification or shelving scheme Damaged status Home library Current library Shelving location Date acquired Source of acquisition Total Checkouts Full call number Barcode Date last seen Date checked out Price effective from Koha item type
    Library of Congress Classification   Luxembourg Library Luxembourg Library Fiction Section 02/06/2025 Donation 1 PZ 7 .R4829 Bat 2008 21321 11/13/2025 11/13/2025 11/13/2025 Books

Percy Jackson and the olympians :

APA

Riordan R., . (2008). Percy Jackson and the olympians. New York: Disney/Hyperion Books.

Chicago

Riordan Rick, . 2008. Percy Jackson and the olympians. New York: Disney/Hyperion Books.

Harvard

Riordan R., . (2008). Percy Jackson and the olympians. New York: Disney/Hyperion Books.

MLA

Riordan Rick, . Percy Jackson and the olympians. New York: Disney/Hyperion Books. 2008.

  • Place hold
  • Print
  • Cite
  • Add to your cart (remove)
  • Save record
    BIBTEX Dublin Core MARCXML MARC (non-Unicode/MARC-8) MARC (Unicode/UTF-8) MARC (Unicode/UTF-8, Standard) MODS (XML) RIS
  • More searches
    Search for this title in:
    Other Libraries (WorldCat) Other Databases (Google Scholar) Online Stores (Bookfinder.com) Open Library (openlibrary.org)

Exporting to Dublin Core...

SOUTHVILLE LIBRARY

Southville International School and Colleges Library

1281 Tropical Ave. Cor. Luxembourg St., BF Homes International, Las Pinas City

Tel. No. 8256374 / 252358 Loc. 117/146

Powered by Koha